| 000 | 00986nam a2200265 a 4500 | ||
|---|---|---|---|
| 001 | 000030985 | ||
| 005 | 20240412074255.0 | ||
| 008 | 110609s1998 dr 000 0 spa d | ||
| 040 |
_aDO-SdBNP _bspa _cBNPHU |
||
| 082 |
_aRD863.3 _bG182e, 1998 |
||
| 100 | 1 |
_aGalván, Manuel de J. _q(Manuel de Jesús) _d1834-1910 _928507 |
|
| 240 | 0 | _aEnriquillo : leyenda histórica dominicana (1503-1538) | |
| 245 | 1 | 0 |
_aEnriquillo / _cManuel de Jesús Galván. |
| 250 | _aEdición escolar | ||
| 260 |
_aSanto Domingo : _bPublicaciones América, _c1998. |
||
| 300 |
_a120 p. ; _c22 cm. |
||
| 490 | 1 | _aBreviarios Dominicanos | |
| 590 | _aInventariado, 2019 / DG | ||
| 600 | 0 |
_aENRIQUILLO _cCACIQUE _d¿-1535 _914941 |
|
| 650 | 0 |
_aNovela histórica dominicana. _9860 |
|
| 650 | 0 |
_aLiteratura dominicana. _967 |
|
| 651 | 4 |
_aRepública Dominicana _xHisoria _y1503-1538 _928508 |
|
| 830 | 0 | 0 |
_aBreviarios Dominicanos (República Dominicana) _957501 |
| 910 | _aValidado. Control de calidad. MMOLINA | ||
| 999 |
_c30477 _d30477 |
||